000 nam a22 7a 4500
999 _c8264
_d8264
008 171213b xxu||||| |||| 00| 0 eng d
020 _a9780670058167
100 _aNehru, Jawaharlal
_94687
245 _aLetters from a father to his Daughter
260 _aNew Delhi
_bPenguin Books
_c2004